| 000 | 00506cam a22002051 4500 | ||
|---|---|---|---|
| 001 | sa 67004567 | ||
| 003 | DLC | ||
| 005 | 20260227112348.0 | ||
| 008 | 881102s1963 xx 000 0 hino | ||
| 010 | _asa 67004567 | ||
| 035 | _a(OCoLC)23568839 | ||
| 040 |
_aDLC _cMiU _dDLC |
||
| 042 | _apremarc | ||
| 050 | 0 | 0 |
_aPK2098.V33 _bP7 |
| 100 | 1 |
_aVarmā, Rāmakumāra, _d1905-1990. |
|
| 245 | 1 | 0 | _aPṛthvīrāja kī ān̐kheṃ. |
| 260 | _c[1963/64] | ||
| 300 |
_a123 p. _c19 cm. |
||
| 500 | _aRomanized. | ||
| 999 |
_c74588 _d74588 |
||